|
|
|
|
| LEADER |
00000cam a2200000 a 4500 |
| 001 |
vtls001458409 |
| 003 |
SK-MaSNL |
| 005 |
20260302013825.0 |
| 008 |
240226s1763 xo frc 000 0 lat |
| 015 |
|
|
|a SNBA1763
|
| 020 |
|
|
|q (brožované)
|
| 035 |
|
|
|a SNK000413716
|
| 035 |
|
|
|a 21786596-580B-4557-9423-2ABF0EED4E32
|
| 035 |
|
|
|a urn:nbn:sk:snk-am00g3dv
|
| 040 |
|
|
|a SNK
|b slo
|c SNK
|e AACR2
|
| 041 |
0 |
|
|a lat
|
| 043 |
|
|
|a e-xo---
|
| 044 |
|
|
|a xo
|c SK
|
| 072 |
|
7 |
|a 01
|x Bibliografia. Katalógy
|2 konspekt
|
| 080 |
|
|
|a (083.82)
|2 2011
|
| 080 |
|
|
|a (048.8)
|2 2011
|
| 110 |
2 |
|
|a Trnavská univerzita v Trnave
|4 aut
|9 32716
|
| 245 |
1 |
0 |
|a Catalogus Librorum, Qui In Academica Universitatis Tyrnaviensis Societatis Jesu Typografia
|
| 250 |
|
|
|a Reperiuntur
|
| 260 |
|
|
|a [Trnava]
|b [s.n.]
|c [1763]
|
| 300 |
|
|
|a [14] nečíslovaných strán
|
| 655 |
|
7 |
|a katalógy
|2 SNKPH
|9 60821
|
| 655 |
|
7 |
|a štúdie
|2 SNKPH
|9 57033
|
| 852 |
|
|
|a Slovenská národná knižnica
|
| 958 |
|
|
|a TL
|
| 958 |
|
|
|a ONDV
|
| 999 |
|
|
|c 1014639
|d 1016569
|
| 952 |
|
|
|a SNK
|b SNK
|y PREZ
|7 0
|p 17A1449471
|o snkSC 112721
|i snkK 237/2003
|8 3
|g 10.95
|0 0
|1 0
|4 0
|d 2003-08-13
|f 1
|l 0
|r 2025-10-02 00:00:00
|w 2026-02-24
|